000 00322nam a22001337a 4500
008 170807b xxu||||| |||| 00| 0 eng d
020 _a9780766863231
041 _aeng
080 _a004
100 _a34
101 _aSHK
245 _aAN INTRODUCTION TO DIGITAL IMAGING WITH PHOTOSHOP 7
_cKREJCAREK,P
942 _2udc
_cBK
999 _c22845
_d22845